<?xml version="1.0" encoding="UTF-8"?>
<record
    xmlns:xsi="http://www.w3.org/2001/XMLSchema-instance"
    xsi:schemaLocation="http://www.loc.gov/MARC21/slim http://www.loc.gov/standards/marcxml/schema/MARC21slim.xsd"
    xmlns="http://www.loc.gov/MARC21/slim">

  <leader>00325nam a2200145   4500</leader>
  <datafield tag="020" ind1=" " ind2=" ">
    <subfield code="a">0669181781</subfield>
  </datafield>
  <datafield tag="082" ind1=" " ind2=" ">
    <subfield code="a">547.04 EGE</subfield>
  </datafield>
  <datafield tag="100" ind1=" " ind2=" ">
    <subfield code="a">Ege Seyhan.N</subfield>
  </datafield>
  <datafield tag="245" ind1=" " ind2=" ">
    <subfield code="a">Organic Chemistry : Structure and Reactivity</subfield>
  </datafield>
  <datafield tag="250" ind1=" " ind2=" ">
    <subfield code="a">3</subfield>
  </datafield>
  <datafield tag="260" ind1=" " ind2=" ">
    <subfield code="a">USA</subfield>
    <subfield code="b">Heath</subfield>
  </datafield>
  <datafield tag="300" ind1=" " ind2=" ">
    <subfield code="a">1355</subfield>
  </datafield>
  <datafield tag="650" ind1=" " ind2=" ">
    <subfield code="a">Chemistry</subfield>
    <subfield code="a">Organic Chemistry</subfield>
  </datafield>
  <datafield tag="942" ind1=" " ind2=" ">
    <subfield code="c">BK</subfield>
  </datafield>
  <datafield tag="999" ind1=" " ind2=" ">
    <subfield code="c">136</subfield>
    <subfield code="d">136</subfield>
  </datafield>
  <datafield tag="952" ind1=" " ind2=" ">
    <subfield code="0">0</subfield>
    <subfield code="1">0</subfield>
    <subfield code="7">0</subfield>
    <subfield code="8">NFIC</subfield>
    <subfield code="a">IC</subfield>
    <subfield code="b">IC</subfield>
    <subfield code="c">GEN</subfield>
    <subfield code="d">2015-02-18</subfield>
    <subfield code="g">6125.00</subfield>
    <subfield code="l">12</subfield>
    <subfield code="m">1</subfield>
    <subfield code="o">547.04 EGE</subfield>
    <subfield code="p">002873</subfield>
    <subfield code="r">2023-01-18 00:00:00</subfield>
    <subfield code="s">2023-01-10</subfield>
    <subfield code="w">2015-02-18</subfield>
    <subfield code="y">BK</subfield>
  </datafield>
  <datafield tag="952" ind1=" " ind2=" ">
    <subfield code="0">0</subfield>
    <subfield code="1">0</subfield>
    <subfield code="7">0</subfield>
    <subfield code="8">NFIC</subfield>
    <subfield code="a">IC</subfield>
    <subfield code="b">IC</subfield>
    <subfield code="c">GEN</subfield>
    <subfield code="d">2015-02-18</subfield>
    <subfield code="g">6125.00</subfield>
    <subfield code="l">9</subfield>
    <subfield code="o">547.04 EGE</subfield>
    <subfield code="p">002872</subfield>
    <subfield code="r">2023-11-28 09:14:06</subfield>
    <subfield code="s">2023-11-14</subfield>
    <subfield code="w">2015-02-18</subfield>
    <subfield code="y">BK</subfield>
  </datafield>
  <datafield tag="952" ind1=" " ind2=" ">
    <subfield code="0">0</subfield>
    <subfield code="1">0</subfield>
    <subfield code="7">0</subfield>
    <subfield code="8">NFIC</subfield>
    <subfield code="a">IC</subfield>
    <subfield code="b">IC</subfield>
    <subfield code="c">GEN</subfield>
    <subfield code="d">2015-02-18</subfield>
    <subfield code="g">6125.00</subfield>
    <subfield code="l">3</subfield>
    <subfield code="o">547.04 EGE</subfield>
    <subfield code="p">002874</subfield>
    <subfield code="r">2022-11-17 00:00:00</subfield>
    <subfield code="s">2021-04-22</subfield>
    <subfield code="w">2015-02-18</subfield>
    <subfield code="y">BK</subfield>
  </datafield>
  <datafield tag="952" ind1=" " ind2=" ">
    <subfield code="0">0</subfield>
    <subfield code="1">0</subfield>
    <subfield code="7">0</subfield>
    <subfield code="8">NFIC</subfield>
    <subfield code="a">IC</subfield>
    <subfield code="b">IC</subfield>
    <subfield code="c">GEN</subfield>
    <subfield code="d">2015-02-18</subfield>
    <subfield code="g">6125.00</subfield>
    <subfield code="l">0</subfield>
    <subfield code="o">547.04 EGE</subfield>
    <subfield code="p">002871</subfield>
    <subfield code="r">2015-02-18 00:00:00</subfield>
    <subfield code="w">2015-02-18</subfield>
    <subfield code="y">REF</subfield>
  </datafield>
  <datafield tag="952" ind1=" " ind2=" ">
    <subfield code="0">0</subfield>
    <subfield code="1">0</subfield>
    <subfield code="7">0</subfield>
    <subfield code="8">NFIC</subfield>
    <subfield code="a">IC</subfield>
    <subfield code="b">IC</subfield>
    <subfield code="c">GEN</subfield>
    <subfield code="d">2015-02-18</subfield>
    <subfield code="g">6125.00</subfield>
    <subfield code="l">5</subfield>
    <subfield code="o">547.04 EGE</subfield>
    <subfield code="p">002875</subfield>
    <subfield code="r">2022-11-17 00:00:00</subfield>
    <subfield code="s">2022-11-06</subfield>
    <subfield code="w">2015-02-18</subfield>
    <subfield code="y">BK</subfield>
  </datafield>
  <datafield tag="952" ind1=" " ind2=" ">
    <subfield code="0">0</subfield>
    <subfield code="1">0</subfield>
    <subfield code="7">0</subfield>
    <subfield code="8">NFIC</subfield>
    <subfield code="a">IC</subfield>
    <subfield code="b">IC</subfield>
    <subfield code="c">GEN</subfield>
    <subfield code="d">2015-02-18</subfield>
    <subfield code="g">6125.00</subfield>
    <subfield code="l">9</subfield>
    <subfield code="m">3</subfield>
    <subfield code="o">547.04 EGE</subfield>
    <subfield code="p">002942</subfield>
    <subfield code="r">2025-10-14 15:04:59</subfield>
    <subfield code="s">2025-09-29</subfield>
    <subfield code="w">2015-02-18</subfield>
    <subfield code="y">BK</subfield>
  </datafield>
  <datafield tag="952" ind1=" " ind2=" ">
    <subfield code="0">0</subfield>
    <subfield code="1">0</subfield>
    <subfield code="7">0</subfield>
    <subfield code="8">NFIC</subfield>
    <subfield code="a">IC</subfield>
    <subfield code="b">IC</subfield>
    <subfield code="c">GEN</subfield>
    <subfield code="d">2025-11-01</subfield>
    <subfield code="g">6125.00</subfield>
    <subfield code="l">0</subfield>
    <subfield code="o">547.04 EGE</subfield>
    <subfield code="p">004225</subfield>
    <subfield code="r">2025-11-01 10:55:16</subfield>
    <subfield code="w">2025-11-01</subfield>
    <subfield code="y">BK</subfield>
  </datafield>
  <datafield tag="952" ind1=" " ind2=" ">
    <subfield code="0">0</subfield>
    <subfield code="1">0</subfield>
    <subfield code="7">0</subfield>
    <subfield code="8">NFIC</subfield>
    <subfield code="a">IC</subfield>
    <subfield code="b">IC</subfield>
    <subfield code="c">GEN</subfield>
    <subfield code="d">2025-11-01</subfield>
    <subfield code="g">6125.00</subfield>
    <subfield code="l">0</subfield>
    <subfield code="o">547.04 EGE</subfield>
    <subfield code="p">004701</subfield>
    <subfield code="r">2025-11-01 11:00:14</subfield>
    <subfield code="w">2025-11-01</subfield>
    <subfield code="y">BK</subfield>
  </datafield>
  <datafield tag="952" ind1=" " ind2=" ">
    <subfield code="0">0</subfield>
    <subfield code="1">0</subfield>
    <subfield code="7">0</subfield>
    <subfield code="8">NFIC</subfield>
    <subfield code="a">IC</subfield>
    <subfield code="b">IC</subfield>
    <subfield code="c">GEN</subfield>
    <subfield code="d">2025-11-01</subfield>
    <subfield code="g">6125.00</subfield>
    <subfield code="l">0</subfield>
    <subfield code="o">547.04 EGE</subfield>
    <subfield code="p">004608</subfield>
    <subfield code="r">2025-11-01 11:03:32</subfield>
    <subfield code="w">2025-11-01</subfield>
    <subfield code="y">BK</subfield>
  </datafield>
</record>
